| 000 | 00926nam a2200253 a 4500 | ||
|---|---|---|---|
| 001 | 45443 | ||
| 003 | BD-RjUL | ||
| 005 | 20211209054020.0 | ||
| 008 | 160726s1975 mau 000 0 eng d | ||
| 035 | _a(BD-RjUL)45561 | ||
| 040 |
_aTXQ _cTXQ _dSOI _dUMC _dCLU _dEQO _dBD-RjUL _beng |
||
| 041 | _aeng | ||
| 082 |
_223 _a346.861 _bALL 1975 |
||
| 100 | 1 |
_aAlmeida, Josefina Amézquita de _9139125 |
|
| 245 | 1 | 0 |
_aLaw and the status of Colombian women / _cJosefina Amézquita de Almeida |
| 260 |
_aMedford, MA : _bTufts University, _c1975. |
||
| 300 |
_avi, 64 p. ; _c28 cm. |
||
| 490 | 1 |
_aLaw and population monograph series ; _vno. 32 |
|
| 650 | 0 |
_aWomen _xLegal status, laws, etc. _zColombia. _9139126 |
|
| 650 | 0 |
_aWomen's rights _zColombia. _9139127 |
|
| 710 | 2 |
_aFletcher School of Law and Diplomacy. _bLaw and Population Programme. _9139128 |
|
| 830 | 0 |
_aLaw and population monograph series ; _vno. 32 _9140565 |
|
| 942 |
_2ddc _cBK |
||
| 999 |
_c45443 _d45443 |
||